A falusi szálláshelyek bemutatása, jelentősége Magyarországon

Bibliográfiai részletek
Szerző: Horváth Csegő Benedek
További közreműködők: Bártfai Endre György
Dokumentumtípus: Projektmunka
Kulcsszavak:falusi turizmus
Malomkert Panzió
Nagybörzsöny
szálláshely-szolgáltatás
turizmus
vendéglátás
Online Access:http://dolgozattar.uni-bge.hu/60282

MARC

LEADER 00000nnm a2200000 i 4500
001 dolg60282
005 20260409150238.0
008 260409suuuu hu o 000 hun d
040 |a BGE Dolgozattár Repozitórium  |b hun 
041 |a hu 
100 1 |a Horváth Csegő Benedek 
245 1 2 |a A falusi szálláshelyek bemutatása, jelentősége Magyarországon  |c Horváth Csegő Benedek  |h [elektronikus dokumentum] 
516 |a Project_work 
520 3 |a A dolgozatom célja a falusi szálláshelyek magyarországi szerepének és jelentőségének bemutatása a Malomkert Panzió és Étterem példáján keresztül. Szeretném elemezni a falusi turizmus fejlődését, típusait, valamint gazdasági, társadalmi és kulturális hatásait. Kiemelt figyelmet fordítottam a szálláshelyek sajátosságaira, a vendégelégedettségre és a turizmus fenntarthatóságára is. A dolgozat gyakorlati példákkal is illusztrálja az elméleti megállapításokat. Továbbá, a dolgozat célja, hogy átfogó képet nyújtson a hazai falusi szálláshelyek aktuális helyzetéről, és kutatásom révén hozzájáruljon a szektor alaposabb megértéséhez. 
695 |a falusi turizmus 
695 |a Malomkert Panzió 
695 |a Nagybörzsöny 
695 |a szálláshely-szolgáltatás 
695 |a turizmus 
695 |a vendéglátás 
700 1 |a Bártfai Endre György  |e ths 
856 4 0 |u http://dolgozattar.uni-bge.hu/60282/1/A%20falusi%20sz%C3%A1ll%C3%A1shelyek%20bemutat%C3%A1sa%2C%20jelent%C5%91s%C3%A9ge%20Magyarorsz%C3%A1gon.pdf  |z Dokumentum-elérés 
856 4 0 |u http://dolgozattar.uni-bge.hu/60282/2/Horv%C3%A1th%20Cseg%C5%91%20Benedek_Projektmunka_B%C3%ADr%C3%A1lati%20lap_FOSZK_B%C3%A1rtfai%20Endre.pdf  |z Dokumentum-elérés